| 000 | 00857nam a2200205 a 4500 | ||
|---|---|---|---|
| 001 | BRCA_298 | ||
| 005 | 20190320202942.0 | ||
| 008 | 970109s1996 mx-a---##c---#000-0#spa-# | ||
| 040 |
_aDLC _cDLC |
||
| 050 | 4 |
_aCJ1909.O2 _b.O24 1996 |
|
| 245 | 1 | 0 |
_aOaxaca en la numismática y la filatelia _c[coordinación general, Ma. Isabel Grañén Porrúa]. |
| 260 |
_a[México] _bBanco Nacional de México _c1996 |
||
| 300 |
_a48 p. _bil. a color _c22 cm. |
||
| 500 | _aCatálogo de la exposición realizada en el Instituto de Artes Gráficas de Oaxaca, octubre - diciembre, 1996 | ||
| 650 | 1 | 4 |
_aNumismática _xHistoria _zOaxaca de Juárez (México) _9998 |
| 650 | 1 | 4 |
_aSellos postales _xHistoria _zOaxaca de Juárez (México) _9999 |
| 700 | 1 |
_aGrañén Porrúa, Ma. Isabel _q(María Isabel) _91000 |
|
| 710 | 2 |
_aInstituto de Artes Gráficas de Oaxaca _91001 |
|
| 942 |
_2lcc _cB |
||
| 999 |
_c240 _d240 |
||